Music Quiz

Random Music or Song Quiz

Songs - Daft Punk Quiz Stats

 Plays Quiz not verified by Sporcle

Challenge
Share
Tweet
Embed
Score 0/53 Timer 16:00
0 Plays Today
Album Song % Correct
Random Access MemoriesGet Lucky
94.1%
HomeworkDa Funk
92.9%
DiscoveryOne More Time
91.8%
DiscoveryHarder, Better, Faster, Stronger
90.6%
Human After AllHuman After All
90.6%
HomeworkAround the World
87.1%
DiscoveryDigital Love
85.9%
Human After AllTechnologic
85.9%
Random Access MemoriesLose Yourself to Dance
84.7%
Human After AllRobot Rock
82.4%
DiscoveryAerodynamic
81.2%
Random Access MemoriesTouch
80%
Random Access MemoriesContact
80%
DiscoveryFace to Face
78.8%
Random Access MemoriesInstant Crush
78.8%
DiscoveryCrescendolls
77.6%
Random Access MemoriesGive Life Back to Music
76.5%
DiscoveryToo Long
75.3%
DiscoverySomething About Us
74.1%
Human After AllTelevision Rules the Nation
74.1%
Random Access MemoriesDoin' It Right
74.1%
DiscoverySuperheroes
72.9%
HomeworkTeachers
71.8%
Random Access MemoriesThe Game of Love
71.8%
Random Access MemoriesGiorgio by Moroder
71.8%
Random Access MemoriesBeyond
71.8%
Random Access MemoriesFragments of Time
71.8%
Album Song % Correct
HomeworkRevolution 909
70.6%
DiscoveryVoyager
70.6%
Human After AllThe Prime Time of Your Life
70.6%
Human After AllOn/Off
69.4%
HomeworkDaftendirekt
68.2%
HomeworkFresh
68.2%
HomeworkRollin' and Scratchin'
68.2%
DiscoveryNightvision
68.2%
DiscoveryShort Circuit
68.2%
Human After AllEmotion
68.2%
Random Access MemoriesMotherboard
68.2%
HomeworkAlive
67.1%
Human After AllThe Brainwasher
67.1%
Random Access MemoriesWithin
67.1%
HomeworkBurnin'
65.9%
DiscoveryVeridis Quo
65.9%
Human After AllMake Love
64.7%
HomeworkFunk Ad
63.5%
DiscoveryHigh Life
63.5%
Human After AllSteam Machine
63.5%
HomeworkPhœnix
62.4%
HomeworkHigh Fidelity
58.8%
HomeworkOh Yeah
58.8%
HomeworkWDPK 83.7 FM
54.1%
HomeworkIndo Silver Club
54.1%
HomeworkRock'n Roll
51.8%

You're not logged in!

Compare scores with friends on all Sporcle quizzes.
Join for Free
OR
Log In

You Might Also Like...

Show Comments

Extras

Top Quizzes Today


Score Distribution

Your Account Isn't Verified!

In order to create a playlist on Sporcle, you need to verify the email address you used during registration. Go to your Sporcle Settings to finish the process.

Report this User

Report this user for behavior that violates our Community Guidelines.

Details: